00573nam a2200193Ia 4500008004100000020001500041082001300056100002700069245004400096250000800140260002900148300001300177500002400190650001200214700002700226942000700253952010200260999001700362230524s9999 xx 000 0 und d a8174465065 a406bGER aSharon J.Gerson928433 0aTechnical Writing : Process and Product a5TH aNEW DELHIbPearsonc2008 aXXIV;676 aQuantity Number: 1 aEnglish aSteven M.Gerson928434 cBK 00104070aTATCLbTATCLcGENd2023-05-24l0o406 GERp27226r2023-05-24w2023-05-24yBKzMBA3102 c41376d41376